Demon Slayer - Les Piliers - Statistiques

Statistiques générales
  • Ce quiz a été pris 170 fois
  • Le résultat moyen est 7 sur 13
Statistiques - réponses
Par images Réponse % Correct
Shinobu Kocho
85%
Giyu Tomioka
81%
Tengen Uzui
74%
Kyojuro Rengoku
61%
Muichiro Tokito
61%
Kanae Kocho
56%
Mitsuri Kanroji
56%
Sanemi Shinazugawa
54%
Obanai Iguro
50%
Gyomei Himejima
42%
Sakonji Urokodaki
28%
Shinjuro Rengoku
27%
Jigoro Kuwajima
13%
Aucun quiz correspondant
Distribution des résultats
% des personnes avec chaque résultat
Percentile par nombre de réponses
Votre historique - résultats
Vous n’avez pas pris ce quiz